Statistics for Retninger på engelsk

Click here to take the quiz!

General Stats

  • This quiz has been taken 144 times
    (114 since last reset)
  • The average score is 23 of 31

Answer Stats

HintAnswer% Correct
NedDown
100%
VenstreLeft
100%
OverOver
100%
HøyreRight
100%
UnderUnder
100%
OppUp
100%
MellomBetween
93%
HøytHigh
90%
LavtLow
90%
Ved siden avNext to
90%
ToppenThe top
88%
BunnenThe bottom
86%
SidenThe side
86%
TilbakeBack
83%
HalvveisHalfway
79%
BaksidenThe back
76%
BakBehind
71%
ForsidenThe front
71%
MidtenThe middle
71%
Bakover/baklengsBackward
62%
FremoverForward
62%
ØvreUpper
60%
OvenforAbove
57%
SidelengsSideways
57%
NedreLower
52%
NedenforBelow
50%
ForanIn front of
50%
NedoverDownward
48%
OppoverUpward
48%
Frem motToward
40%
FremForth
12%

Score Distribution

Percentile by Number Answered

Percent of People with Each Score

Your Score History

You have not taken this quiz since the last reset